[Event "Wch U14 Girls"]
[Site "Mamaia"]
[Date "2022.09.11"]
[Round "6"]
[White "Nurgaliyeva, Zarina"]
[Black "Liavonava, Yuliya"]
[Result "1/2-1/2"]
[WhiteElo "2088"]
[BlackElo "1623"]
[PlyCount "110"]
[EventDate "2022.09.06"]
[EventType "swiss"]
[EventRounds "11"]
[EventCountry "ROU"]
[SourceTitle "CBM 210 Extra"]
[Source "ChessBase"]
[SourceDate "2022.11.30"]
[SourceVersion "1"]
[SourceVersionDate "2022.11.30"]
[SourceQuality "1"]

1. e4 c5 2. Nf3 d6 3. Bb5+ Nd7 4. c4 e5 5. Nc3 h6 6. d3 Ngf6 7. 0-0 Be7 8. Ne1 g5 9. a3 0-0 10. Bxd7 Bxd7 11. Nc2 Ne8 12. Ne3 f5 13. exf5 Bxf5 14. Nxf5 Rxf5 15. Qg4 Ng7 16. Nd5 Qd7 17. b4 Raf8 18. Bb2 Ne6 19. bxc5 dxc5 20. Ne3 Rf4 21. Qh5 Ng7 22. Qe2 Bd6 23. Rae1 h5 24. Bc3 Bb8 25. Nd5 R4f5 26. Qb2 Qd6 27. Re4 b6 28. Qe2 Kh7 29. Ne3 R5f7 30. Bxe5 Qg6 31. Bxb8 Rxb8 32. Nd5 b5 33. Qe3 b4 34. Qxc5 b3 35. Rb1 g4 36. Qd4 Ne6 37. Qe5 Re8 38. Qg3 Ref8 39. Rb2 Nc5 40. Re3 Qg7 41. Rb1 Rxf2 42. Qxf2 Rxf2 43. Kxf2 Qd4 44. Ke2 a5 45. Kd2 a4 46. Nc3 h4 47. Nxa4 Nxa4 48. Rxb3 Qf4 49. Rb4 Nc3 50. Rb7+ Kg6 51. Rbe7 Qd4 52. R7e6+ Kf7 53. Re7+ Kf6 54. R7e6+ Kf7 55. Re7+ Kf6 1/2-1/2

[Event "Wch U14 Girls"]
[Site "Mamaia"]
[Date "2022.09.09"]
[Round "4"]
[White "Liavonava, Yuliya"]
[Black "Sosovickova, Martina"]
[Result "1-0"]
[WhiteElo "1623"]
[BlackElo "1855"]
[PlyCount "57"]
[EventDate "2022.09.06"]
[EventType "swiss"]
[EventRounds "11"]
[EventCountry "ROU"]
[SourceTitle "CBM 210 Extra"]
[Source "ChessBase"]
[SourceDate "2022.11.30"]
[SourceVersion "1"]
[SourceVersionDate "2022.11.30"]
[SourceQuality "1"]

1. c4 e5 2. Nc3 Nf6 3. Nf3 Nc6 4. e4 Bb4 5. d3 h6 6. g3 d6 7. Bg2 Bg4 8. h3 Be6 9. 0-0 Qd7 10. Nd5 Ba5 11. Kh2 Ne7 12. d4 Bxd5 13. exd5 exd4 14. Nxd4 0-0 15. Qd3 Ng6 16. b3 Rfe8 17. Bb2 Rad8 18. f4 Ne7 19. g4 c6 20. dxc6 bxc6 21. g5 hxg5 22. fxg5 Nh7 23. Rxf7 d5 24. Kh1 Rf8 25. Rxg7+ Kxg7 26. Nf5+ Kf7 27. g6+ Ke6 28. Qe2+ Kxf5 29. Qg4# 1-0

[Event "Wch U14 Girls"]
[Site "Mamaia"]
[Date "2022.09.07"]
[Round "2"]
[White "Liavonava, Yuliya"]
[Black "Gaw, Chloe"]
[Result "1/2-1/2"]
[WhiteElo "1623"]
[BlackElo "1813"]
[PlyCount "76"]
[EventDate "2022.09.06"]
[EventType "swiss"]
[EventRounds "11"]
[EventCountry "ROU"]
[SourceTitle "CBM 210 Extra"]
[Source "ChessBase"]
[SourceDate "2022.11.30"]
[SourceVersion "1"]
[SourceVersionDate "2022.11.30"]
[SourceQuality "1"]

1. c4 c5 2. Nc3 Nc6 3. g3 g6 4. Bg2 Bg7 5. e4 e6 6. Nge2 a6 7. d3 Nge7 8. 0-0 0-0 9. Be3 Nd4 10. Rb1 Nec6 11. a3 Qe7 12. f4 b5 13. Kh1 Rb8 14. b3 Bb7 15. cxb5 axb5 16. Bxd4 Nxd4 17. Nxd4 cxd4 18. Nxb5 Bc6 19. Na7 Qxa3 20. Nxc6 dxc6 21. f5 exf5 22. exf5 Rb6 23. f6 Bh6 24. Qe2 Rfb8 25. Qe5 Qb4 26. Be4 Qc3 27. Rf2 Ra8 28. Kg2 Rba6 29. b4 Ra2 30. Rbf1 Rxf2+ 31. Rxf2 Be3 32. Re2 Qc1 33. b5 Qd1 34. Rb2 Qc1 35. Re2 Qd1 36. Rb2 Qc1 37. Re2 Qd1 38. Rxe3 dxe3 1/2-1/2